| 000 | 00801nam a2200205 4500 | ||
|---|---|---|---|
| 001 | 81680) | ||
| 003 | BD-RjUL | ||
| 005 | 20230813125224.0 | ||
| 008 | 230813s1901 s ||||| |||| 00| 0 ara d | ||
| 035 | _a(BD-RjUL) 81680) | ||
| 040 |
_aBD-RjUL _beng _cBD-RjUL |
||
| 041 | _aara | ||
| 082 |
_223 _a956.01 _bBAK 1901 [1318] |
||
| 100 |
_aاالبلاذري، أحمد بن يحيى بن جابر، ;; Al-Balaziri, Ahmad bin Yahya bin Jabir,، _98326 |
||
| 245 | 1 | 0 |
_aکتاب فتوح البلدان ;; Kitabu Fatuh al-Buldan / _c أحمد بن يحيى بن جابراالبلاذري، Ahmad bin Yahya bin Jabar al-Balaziri, |
| 264 |
_a القاهرة: _bشركة طبع الكتب العربية، _c1901 [1318 |
||
| 300 | _a478 p. ; | ||
| 650 |
_aIslamic Empire History _98327 |
||
| 942 |
_2ddc _cBK |
||
| 999 |
_c81680 _d81680 |
||